000 00327nam a22001457a 4500
008 221018b ||||| |||| 00| 0 eng d
020 _a9789951711470
041 _aeng
080 _2LIBRI I DYT
_a37
082 _a37 BESH
100 _a22.2
101 _aSPORT
245 _aATLETIKA NE KOSOVE
_cBESHIRI R
942 _2udc
_cBK
999 _c58600
_d58600